Gaming Quiz

Random Gaming or Nintendo Quiz

Runescape Quiz Stats

 Plays Quiz not verified by Sporcle

Score 0/60 Timer 10:00
0 Plays Today
% Correct
runescape
44%
lumbridge
36%
falador
32%
antifire
28%
zezima
24%
zamorak
20%
120
20%
magic
20%
king black dragon
16%
air
16%
runescape 2
12%
no
12%
partyhat
12%
no
12%
yes
12%
no
12%
200000000
12%
no
12%
draynor
12%
barbarian
12%
santa
12%
16
12%
ardougne
12%
grandexchange
12%
gower
8%
firemaking
8%
construction
8%
yes
8%
green
8%
gold
8%
% Correct
yes
8%
is
8%
yes
8%
tzhaar
8%
2008
8%
disk
8%
desert treasure
8%
f2p
8%
runescape classic
4%
hitpoints
4%
christmas cracker
4%
elvemage
4%
fe
4%
zamorak godsword
4%
salmoneus
4%
thieving
4%
500
4%
bot
4%
stellar dawn
4%
unid
4%
silver
4%
138
4%
applet
4%
wow
4%
free to play
4%
75
4%
cambridge
4%
fremennik
4%
2147483647
0%
4
0%

You're not logged in!

Compare scores with friends on all Sporcle quizzes.
OR
Log In

Show Comments

Extras

Created Feb 17, 2012ReportNominate
Tags:Nintendo Quiz, runescape

Top Quizzes Today


Score Distribution

Your Account Isn't Verified!

In order to create a playlist on Sporcle, you need to verify the email address you used during registration. Go to your Sporcle Settings to finish the process.

Report this User

Report this user for behavior that violates our Community Guidelines.

Details: